Aktuálne trendy rozvoja podnikového controllingu vo vybranom podnikateľskom subjekte so zameraním na sociálnu oblasť dizertačná práca

Salvato in:
Dettagli Bibliografici
Autore principale: Pusztiová, Lea, 1994-
Ente Autore: Fakulta podnikového manažmentu EU. Katedra podnikovohospodárska
Altri autori: Dubcová, Gabriela, 1968-
Natura: Libro
Lingua:slovacco
Pubblicazione: Bratislava 2023
Soggetti:
Tags: Aggiungi Tag
Nessun Tag, puoi essere il primo ad aggiungerne!!

MARC

LEADER 00000nbm a2200000 4500
001 0296237
005 20231010135935.4
041 0 |a slo 
044 |a SK 
245 1 0 |a Aktuálne trendy rozvoja podnikového controllingu vo vybranom podnikateľskom subjekte so zameraním na sociálnu oblasť  |b dizertačná práca  |c Lea Pusztiová ; školiteľ: Gabriela Dubcová 
264 1 |a Bratislava  |c 2023 
300 |a 116 s. 
610 2 0 |a kontroling podnikový 
610 2 0 |a podnikanie zodpovedné 
100 1 |a Pusztiová, Lea, 1994- 
700 1 |a Dubcová, Gabriela, 1968- 
710 2 |a Fakulta podnikového manažmentu EU. Katedra podnikovohospodárska